00391nam a22001457a 4500003000400000008004100004082001900045100003300064245002900097260005800126300001400184650001800198650001400216650001500230OSt241104b |||||||| |||| 00| 0 eng d a633.6106bS92A aSugarcane Breeding Institute aAnnual Report, 2007 - 08 a.- Coimbatoreb: Sugarcane Breeding Institutec, 2008 aiii,103p. aAnnual Report aSugarcane aCoimbatore